[Event "RD-2019-0-00154"]
[Site "LSS email"]
[Date "2019.06.24"]
[Round "?"]
[White "Perez Garcia, Miguel"]
[Black "Sofia, Gerardo"]
[Result "0-1"]
[WhiteElo "1582"]
[BlackElo "1586"]
[PlyCount "68"]
[EventDate "2019.03.17"]
[EventType "tourn (corr)"]
[EventRounds "6"]
[EventCountry "GER"]
[SourceTitle "Corr 2022"]
[Source "ChessBase"]
[SourceDate "2021.10.24"]
[SourceVersion "1"]
[SourceVersionDate "2021.10.24"]
[SourceQuality "1"]

1. e4 c6 2. c4 Qa5 3. Nc3 e5 4. Nf3 Bb4 5. Be2 Nf6 6. Qc2 0-0 7. 0-0 Rd8 8. a3 Bxc3 9. dxc3 d6 10. b4 Qc7 11. Bg5 Nbd7 12. Rfd1 h6 13. Bh4 b6 14. Qd3 a5 15. h3 c5 16. b5 g5 17. Bg3 Bb7 18. Nh2 Nxe4 19. Ng4 Kg7 20. Bh2 f5 21. Ne3 f4 22. Nf5+ Kh8 23. Nxh6 Ndf6 24. f3 Qh7 25. Ng4 Nxg4 26. hxg4 Nf6 27. Qxh7+ Kxh7 28. Rd2 Rd7 29. g3 Kg7 30. Re1 Rh8 31. gxf4 exf4 32. Bd1 Rh6 33. Kf1 Kf7 34. Bg1 Rh3 0-1

[Event "OP-2019-0-04755"]
[Site "LSS email"]
[Date "2019.03.27"]
[Round "?"]
[White "Perez Garcia, Miguel"]
[Black "Alberoni, Yoly"]
[Result "1-0"]
[WhiteElo "1582"]
[BlackElo "1932"]
[PlyCount "53"]
[EventDate "2019.03.17"]
[EventType "tourn (corr)"]
[EventRounds "4"]
[EventCountry "GER"]
[SourceTitle "Corr 2022"]
[Source "ChessBase"]
[SourceDate "2021.10.24"]
[SourceVersion "1"]
[SourceVersionDate "2021.10.24"]
[SourceQuality "1"]

1. d4 Nf6 2. c4 g6 3. Nc3 Bg7 4. e4 d6 5. Be2 0-0 6. Nf3 e5 7. 0-0 Nc6 8. d5 Ne7 9. Nd2 Nd7 10. b4 f5 11. c5 f4 12. Nc4 Nf6 13. a4 Rf7 14. Ba3 Bf8 15. b5 Ne8 16. a5 g5 17. b6 axb6 18. axb6 Ng6 19. bxc7 Qxc7 20. Nb5 Qd8 21. Nb6 Rb8 22. Nxc8 Rxc8 23. Bg4 Rf6 24. cxd6 Ra8 25. d7 Ng7 26. Rc1 Ne7 27. Bxe7 1-0

[Event "ZI-2019-0-02557"]
[Site "LSS email"]
[Date "2019.02.25"]
[Round "?"]
[White "Obukhov, Gennady Nikolaevich"]
[Black "Perez Garcia, Miguel"]
[Result "1/2-1/2"]
[WhiteElo "1815"]
[BlackElo "1580"]
[PlyCount "62"]
[EventDate "2019.02.14"]
[EventType "match (corr)"]
[EventRounds "2"]
[EventCountry "GER"]
[SourceTitle "Corr 2022"]
[Source "ChessBase"]
[SourceDate "2021.10.24"]
[SourceVersion "1"]
[SourceVersionDate "2021.10.24"]
[SourceQuality "1"]

1. e4 e5 2. Nf3 Nc6 3. Nc3 Nf6 4. Nxe5 Nxe5 5. d4 Nc6 6. d5 Ne5 7. f4 Ng6 8. e5 Ng8 9. d6 cxd6 10. exd6 Qf6 11. Qe2+ Qe6 12. Nb5 Qxe2+ 13. Bxe2 Rb8 14. Be3 b6 15. h4 h5 16. 0-0-0 a6 17. Nc7+ Kd8 18. Nxa6 Bxa6 19. Bxa6 Nh6 20. Rd5 Ng4 21. Bd2 Nf2 22. Rf1 Ne4 23. f5 Ra8 24. fxg6 Rxa6 25. gxf7 Nxd2 26. Kxd2 Rh6 27. Kd3 Rxa2 28. Re1 Re6 29. Rxe6 dxe6 30. Rxh5 Kd7 31. Rh8 Ra8 1/2-1/2

[Event "ZI-2019-0-02557"]
[Site "LSS email"]
[Date "2019.02.25"]
[Round "?"]
[White "Perez Garcia, Miguel"]
[Black "Obukhov, Gennady Nikolaevich"]
[Result "1/2-1/2"]
[WhiteElo "1580"]
[BlackElo "1815"]
[PlyCount "77"]
[EventDate "2019.02.14"]
[EventType "match (corr)"]
[EventRounds "2"]
[EventCountry "GER"]
[SourceTitle "Corr 2022"]
[Source "ChessBase"]
[SourceDate "2021.10.24"]
[SourceVersion "1"]
[SourceVersionDate "2021.10.24"]
[SourceQuality "1"]

1. e4 d5 2. exd5 Nf6 3. d4 Bg4 4. Bb5+ Nbd7 5. Be2 Bxe2 6. Qxe2 Nxd5 7. c4 N5f6 8. Nc3 e6 9. Nf3 Bb4 10. Bd2 0-0 11. a3 Bxc3 12. Bxc3 c6 13. 0-0 a5 14. Ne5 Qc7 15. Nxd7 Nxd7 16. Rad1 Rad8 17. Rfe1 Rfe8 18. d5 cxd5 19. Qg4 e5 20. Rxd5 Nf6 21. Rxd8 Qxd8 22. Qf5 b6 23. g3 Qc7 24. Rxe5 Qxc4 25. Rxe8+ Nxe8 26. Qd7 Qe6 27. Qxe6 fxe6 28. a4 Nf6 29. Bxf6 gxf6 30. f4 h5 31. h3 Kf7 32. Kf2 Kg6 33. Kf3 Kg7 34. Ke4 Kg8 35. g4 hxg4 36. hxg4 Kf7 37. Kd4 Kg7 38. b3 Kh6 39. Ke4 1/2-1/2

[Event "SD-2018-0-00296"]
[Site "LSS email"]
[Date "2018.11.27"]
[Round "?"]
[White "Perez Garcia, Miguel"]
[Black "Reyes Sablon, Alberto"]
[Result "0-1"]
[WhiteElo "1693"]
[BlackElo "800"]
[PlyCount "38"]
[EventDate "2018.08.16"]
[EventType "tourn (corr)"]
[EventRounds "6"]
[EventCountry "GER"]
[SourceTitle "Corr 2022"]
[Source "ChessBase"]
[SourceDate "2021.10.24"]
[SourceVersion "1"]
[SourceVersionDate "2021.10.24"]
[SourceQuality "1"]

1. d4 d5 2. Nc3 Nf6 3. e4 dxe4 4. Bg5 c6 5. f3 exf3 6. Nxf3 h6 7. Bxf6 exf6 8. Qe2+ Be7 9. 0-0-0 0-0 10. h3 Nd7 11. g4 Re8 12. Re1 Nb6 13. Qd3 Be6 14. Rxe6 fxe6 15. Ne4 Nd5 16. Nc5 Bxc5 17. dxc5 Qa5 18. Qc4 Ne3 19. Qd4 Nxf1 0-1

[Event "SD-2018-0-00296"]
[Site "LSS email"]
[Date "2018.11.26"]
[Round "?"]
[White "Perez Garcia, Miguel"]
[Black "Drobotov, Gennady Sergeevich"]
[Result "0-1"]
[WhiteElo "1693"]
[BlackElo "1550"]
[PlyCount "50"]
[EventDate "2018.08.16"]
[EventType "tourn (corr)"]
[EventRounds "6"]
[EventCountry "GER"]
[SourceTitle "Corr 2022"]
[Source "ChessBase"]
[SourceDate "2021.10.24"]
[SourceVersion "1"]
[SourceVersionDate "2021.10.24"]
[SourceQuality "1"]

1. e4 c5 2. Nf3 d6 3. d4 cxd4 4. Nxd4 a6 5. c4 e5 6. Nf3 Be7 7. Nc3 Nd7 8. Be3 Ngf6 9. Bd3 0-0 10. 0-0 Ng4 11. Bd2 Nc5 12. Bc2 Be6 13. Qe2 Nf6 14. b3 Bg4 15. Nd5 Nxd5 16. cxd5 Rc8 17. b4 Ne6 18. dxe6 Rxc2 19. exf7+ Rxf7 20. Qd3 Rc6 21. Rac1 Bxf3 22. gxf3 Qd7 23. Bc3 Qh3 24. Kh1 Rxf3 25. Qd2 Rfxc3 0-1

[Event "SD-2018-0-00296"]
[Site "LSS email"]
[Date "2018.11.26"]
[Round "?"]
[White "Trani, Francesco"]
[Black "Perez Garcia, Miguel"]
[Result "1-0"]
[WhiteElo "1624"]
[BlackElo "1693"]
[PlyCount "45"]
[EventDate "2018.08.16"]
[EventType "tourn (corr)"]
[EventRounds "6"]
[EventCountry "GER"]
[SourceTitle "Corr 2022"]
[Source "ChessBase"]
[SourceDate "2021.10.24"]
[SourceVersion "1"]
[SourceVersionDate "2021.10.24"]
[SourceQuality "1"]

1. e4 c5 2. Nf3 e6 3. d4 cxd4 4. Nxd4 a6 5. Nc3 Qc7 6. Be2 Nc6 7. Qd3 Nf6 8. Nxc6 dxc6 9. Bg5 Be7 10. f4 e5 11. f5 b5 12. a3 Bb7 13. Qg3 0-0 14. Bh6 Ne8 15. Be3 c5 16. 0-0 Bf6 17. Rfd1 g6 18. Nd5 Bxd5 19. Rxd5 c4 20. a4 Rd8 21. fxg6 fxg6 22. axb5 Rxd5 23. b6 1-0

[Event "SD-2018-0-00296"]
[Site "LSS email"]
[Date "2018.11.26"]
[Round "?"]
[White "Vio, Mauro"]
[Black "Perez Garcia, Miguel"]
[Result "1-0"]
[WhiteElo "1459"]
[BlackElo "1693"]
[PlyCount "39"]
[EventDate "2018.08.16"]
[EventType "tourn (corr)"]
[EventRounds "6"]
[EventCountry "GER"]
[SourceTitle "Corr 2022"]
[Source "ChessBase"]
[SourceDate "2021.10.24"]
[SourceVersion "1"]
[SourceVersionDate "2021.10.24"]
[SourceQuality "1"]

1. e4 e5 2. Nf3 Nc6 3. d4 exd4 4. Nxd4 Qf6 5. Nb5 Qe5 6. N1c3 Bb4 7. f4 Qxe4+ 8. Be2 Bxc3+ 9. bxc3 Kd8 10. 0-0 a6 11. Nd4 Nxd4 12. cxd4 d5 13. Re1 Be6 14. Bxa6 Qg6 15. Bxb7 Ra7 16. Bc6 Nf6 17. Qe2 h5 18. Rb1 Nd7 19. a4 Re8 20. Qb5 1-0

[Event "OP-2018-0-04675"]
[Site "LSS email"]
[Date "2018.11.22"]
[Round "?"]
[White "Perez Garcia, Miguel"]
[Black "Sirotkin, Evgenji"]
[Result "0-1"]
[WhiteElo "1693"]
[BlackElo "2042"]
[PlyCount "34"]
[EventDate "2018.11.15"]
[EventType "tourn (corr)"]
[EventRounds "4"]
[EventCountry "GER"]
[SourceTitle "Corr 2022"]
[Source "ChessBase"]
[SourceDate "2021.10.24"]
[SourceVersion "1"]
[SourceVersionDate "2021.10.24"]
[SourceQuality "1"]

1. e4 c6 2. d4 d5 3. Nc3 dxe4 4. Nxe4 Bf5 5. Ng3 Bg6 6. Nf3 Nf6 7. Bd3 Bxd3 8. Qxd3 e6 9. Bg5 Nbd7 10. Qb3 Qc7 11. 0-0 h6 12. Bxf6 Nxf6 13. Rfe1 Be7 14. c3 0-0 15. Nd2 Rfd8 16. Nde4 Nxe4 17. Rad1 Nxg3 0-1

[Event "OP-2018-0-04671"]
[Site "LSS email"]
[Date "2018.11.15"]
[Round "?"]
[White "Perez Garcia, Miguel"]
[Black "Kreuchauf, Olaf"]
[Result "0-1"]
[WhiteElo "1693"]
[BlackElo "1743"]
[PlyCount "24"]
[EventDate "2018.11.07"]
[EventType "tourn (corr)"]
[EventRounds "4"]
[EventCountry "GER"]
[SourceTitle "Corr 2022"]
[Source "ChessBase"]
[SourceDate "2021.10.24"]
[SourceVersion "1"]
[SourceVersionDate "2021.10.24"]
[SourceQuality "1"]

1. e4 e6 2. d4 d5 3. e5 c5 4. c3 Nc6 5. Nf3 Qb6 6. Qb3 c4 7. Qxb6 axb6 8. Be2 b5 9. Na3 Bxa3 10. bxa3 Nge7 11. Rb1 b4 12. cxb4 b5 0-1

[Event "OP-2017-0-04499"]
[Site "LSS email"]
[Date "2017.12.28"]
[Round "?"]
[White "Shim Ng Min, Francis"]
[Black "Perez Garcia, Miguel"]
[Result "0-1"]
[WhiteElo "1245"]
[BlackElo "1670"]
[PlyCount "42"]
[EventDate "2017.12.20"]
[EventType "tourn (corr)"]
[EventRounds "4"]
[EventCountry "GER"]
[SourceTitle "Corr 2022"]
[Source "ChessBase"]
[SourceDate "2021.10.24"]
[SourceVersion "1"]
[SourceVersionDate "2021.10.24"]
[SourceQuality "1"]

1. e4 g6 2. d4 Bg7 3. Nf3 d6 4. Be2 Nd7 5. 0-0 c6 6. c4 Ngf6 7. Nc3 0-0 8. h3 e5 9. dxe5 dxe5 10. Be3 Qe7 11. Qd2 Nc5 12. Qc2 Nh5 13. b4 Ne6 14. Rab1 Nd4 15. Qb2 f5 16. exf5 Bxf5 17. Rbd1 Nxe2+ 18. Nxe2 e4 19. Nfd4 Bxh3 20. gxh3 Rf3 21. Qb3 Rxh3 0-1

[Event "ZI-2017-0-02338"]
[Site "LSS email"]
[Date "2017.09.26"]
[Round "?"]
[White "Bonoldi, Fabio"]
[Black "Perez Garcia, Miguel"]
[Result "1/2-1/2"]
[WhiteElo "1890"]
[BlackElo "1644"]
[PlyCount "64"]
[EventDate "2017.08.30"]
[EventType "match (corr)"]
[EventRounds "2"]
[EventCountry "GER"]
[SourceTitle "Corr 2022"]
[Source "ChessBase"]
[SourceDate "2021.10.24"]
[SourceVersion "1"]
[SourceVersionDate "2021.10.24"]
[SourceQuality "1"]

1. b4 e5 2. Bb2 Bxb4 3. Bxe5 Nf6 4. Nf3 Nc6 5. Bb2 d5 6. e3 0-0 7. Be2 Be6 8. 0-0 Qe7 9. d4 Rab8 10. Nbd2 b5 11. a3 Bd6 12. a4 b4 13. c3 bxc3 14. Bxc3 Bf5 15. Bb5 Rb6 16. Qe2 Rfb8 17. h3 h6 18. Rfd1 Qe6 19. Nf1 Ne4 20. Be1 a6 21. Bxc6 Rxc6 22. Rdc1 Rcb6 23. Ra2 Qf6 24. Ba5 Rb1 25. Rxb1 Rxb1 26. Rb2 Rc1 27. Be1 c5 28. dxc5 Nxc5 29. Rd2 Be4 30. Rd1 Rc2 31. Rd2 Bxf3 32. Qxf3 Qxf3 1/2-1/2

[Event "ZI-2017-0-02338"]
[Site "LSS email"]
[Date "2017.09.26"]
[Round "?"]
[White "Perez Garcia, Miguel"]
[Black "Bonoldi, Fabio"]
[Result "1/2-1/2"]
[WhiteElo "1644"]
[BlackElo "1890"]
[PlyCount "43"]
[EventDate "2017.08.30"]
[EventType "match (corr)"]
[EventRounds "2"]
[EventCountry "GER"]
[SourceTitle "Corr 2022"]
[Source "ChessBase"]
[SourceDate "2021.10.24"]
[SourceVersion "1"]
[SourceVersionDate "2021.10.24"]
[SourceQuality "1"]

1. d4 Nf6 2. Nf3 g6 3. Bf4 Bg7 4. e3 d6 5. h3 0-0 6. Be2 b6 7. 0-0 Bb7 8. c4 Nbd7 9. Nc3 Re8 10. Qc2 e5 11. Bh2 exd4 12. exd4 Ne4 13. Nxe4 Bxe4 14. Qd2 Nf8 15. Rfe1 Qf6 16. Rad1 Ne6 17. b3 a5 18. Qe3 Bb7 19. Qc1 Re7 20. d5 Nc5 21. Bf1 Rae8 22. Rxe7 1/2-1/2

[Event "OP-2017-0-04440"]
[Site "LSS email"]
[Date "2017.09.26"]
[Round "?"]
[White "Perez Garcia, Miguel"]
[Black "Johanson, Frans"]
[Result "1/2-1/2"]
[WhiteElo "1644"]
[BlackElo "1938"]
[PlyCount "103"]
[EventDate "2017.09.17"]
[EventType "tourn (corr)"]
[EventRounds "4"]
[EventCountry "GER"]
[SourceTitle "Corr 2022"]
[Source "ChessBase"]
[SourceDate "2021.10.24"]
[SourceVersion "1"]
[SourceVersionDate "2021.10.24"]
[SourceQuality "1"]

1. e4 e5 2. Nf3 Nf6 3. Nxe5 d6 4. Nf3 Nxe4 5. d4 d5 6. Bd3 Be7 7. 0-0 0-0 8. Re1 Nf6 9. c3 c5 10. dxc5 Bxc5 11. h3 Nc6 12. Nbd2 Re8 13. Rxe8+ Qxe8 14. Nb3 Bb6 15. Nbd4 Nxd4 16. Nxd4 Bd7 17. Be3 Qe5 18. Nf3 Qc7 19. Bxb6 Qxb6 20. Qb3 Qxb3 21. axb3 g6 22. b4 Kg7 23. g4 a6 24. Nd4 h5 25. g5 Ne8 26. h4 Nc7 27. f4 Re8 28. Kf2 Ne6 29. Ne2 Nc7 30. Nd4 Ne6 31. Nxe6+ Rxe6 32. Rd1 Ba4 33. Re1 Rxe1 34. Kxe1 f5 35. Kd2 Kf7 36. Ke3 Ke7 37. Kd4 Kd6 38. c4 dxc4 39. Bxc4 Be8 40. Bd5 b6 41. Bc4 Ke7 42. Bxa6 Bf7 43. Bc4 Be8 44. Ke5 Bc6 45. Bd5 Bb5 46. Bb3 Bc6 47. Bc4 Bd7 48. Bb3 Bc6 49. Bc4 Bd7 50. Kd5 Be6+ 51. Kd4 Bd7 52. Bd5 1/2-1/2

[Event "OP-2017-0-04438"]
[Site "LSS email"]
[Date "2017.09.23"]
[Round "?"]
[White "Kolanek, Sylwia"]
[Black "Perez Garcia, Miguel"]
[Result "1-0"]
[WhiteElo "2028"]
[BlackElo "1644"]
[PlyCount "41"]
[EventDate "2017.09.13"]
[EventType "tourn (corr)"]
[EventRounds "4"]
[EventCountry "GER"]
[SourceTitle "Corr 2022"]
[Source "ChessBase"]
[SourceDate "2021.10.24"]
[SourceVersion "1"]
[SourceVersionDate "2021.10.24"]
[SourceQuality "1"]

1. d4 Nf6 2. c4 e6 3. Nc3 Bb4 4. e3 b6 5. Nge2 Ne4 6. Qc2 Nxc3 7. Nxc3 Bb7 8. Bd2 0-0 9. a3 Bxc3 10. Bxc3 Qh4 11. 0-0-0 Be4 12. Qe2 d5 13. f3 Bg6 14. g3 Qd8 15. g4 Nc6 16. h4 h5 17. gxh5 Bxh5 18. Rg1 Qf6 19. cxd5 exd5 20. Rg5 Bxf3 21. Qf2 1-0

[Event "OP-2017-0-04438"]
[Site "LSS email"]
[Date "2017.09.23"]
[Round "?"]
[White "Perez Garcia, Miguel"]
[Black "Silva, Marcus"]
[Result "1/2-1/2"]
[WhiteElo "1644"]
[BlackElo "2325"]
[PlyCount "117"]
[EventDate "2017.09.13"]
[EventType "tourn (corr)"]
[EventRounds "4"]
[EventCountry "GER"]
[SourceTitle "Corr 2022"]
[Source "ChessBase"]
[SourceDate "2021.10.24"]
[SourceVersion "1"]
[SourceVersionDate "2021.10.24"]
[SourceQuality "1"]

1. e4 e5 2. Nf3 Nf6 3. d4 Nxe4 4. Nxe5 d6 5. Nf3 d5 6. Bd3 Nc6 7. 0-0 Be7 8. Re1 Bg4 9. c4 Nf6 10. cxd5 Bxf3 11. Qxf3 Qxd5 12. Qxd5 Nxd5 13. Nc3 0-0-0 14. Bf5+ Kb8 15. Be4 Bb4 16. Bg5 f6 17. Bxd5 Bxc3 18. bxc3 Rxd5 19. Bf4 b6 20. Re6 Kb7 21. Rae1 Rhd8 22. g3 Ra5 23. R1e2 Ra3 24. Rc2 a5 25. h4 Rd7 26. Bc1 Ra4 27. Rce2 Na7 28. R6e3 Nb5 29. Kg2 Rc4 30. Bd2 Ra4 31. Bc1 h6 32. f3 c6 33. a3 Nc7 34. Re7 Kc8 35. Kf2 Rc4 36. Bb2 Nd5 37. Re8+ Kc7 38. Rc2 b5 39. Ke1 b4 40. axb4 axb4 41. Kd2 bxc3+ 42. Bxc3 Nxc3 43. Rxc3 Rcxd4+ 44. Ke3 Rd1 45. Ra8 R1d5 46. g4 h5 47. Ra7+ Kd6 48. Ra6 Rc7 49. Kf4 Kd7 50. Ke3 hxg4 51. fxg4 Rd1 52. Kf3 Rh1 53. Kg3 Kd6 54. Rc2 Rd1 55. Kg2 Rd4 56. Kg3 f5 57. gxf5 Kd5 58. h5 c5 59. f6 1/2-1/2

[Event "LSS No Engine Cup 169 Preliminary 0"]
[Site "LSS email"]
[Date "2017.05.07"]
[Round "?"]
[White "Perez Garcia, Miguel"]
[Black "Pech, Matej"]
[Result "1-0"]
[WhiteElo "1793"]
[BlackElo "1541"]
[PlyCount "27"]
[EventDate "2017.05.08"]
[EventType "tourn (corr)"]
[EventRounds "6"]
[EventCountry "GER"]
[SourceTitle "Corr 2022"]
[Source "ChessBase"]
[SourceDate "2021.10.24"]
[SourceVersion "1"]
[SourceVersionDate "2021.10.24"]
[SourceQuality "1"]

1. e4 c6 2. d4 d5 3. exd5 cxd5 4. c4 Nf6 5. Nc3 e6 6. Nf3 Bb4 7. Bd3 dxc4 8. Bxc4 0-0 9. 0-0 b6 10. Qe2 Bb7 11. Bg5 Bxc3 12. bxc3 Nbd7 13. Nd2 Rc8 14. Rfc1 1-0

[Event "LSS No Engine Cup 169 Preliminary 0"]
[Site "LSS email"]
[Date "2017.05.07"]
[Round "?"]
[White "Perez Garcia, Miguel"]
[Black "Schnoewitz, Brigitte"]
[Result "1-0"]
[WhiteElo "1793"]
[BlackElo "1403"]
[PlyCount "31"]
[EventDate "2017.05.08"]
[EventType "tourn (corr)"]
[EventRounds "6"]
[EventCountry "GER"]
[SourceTitle "Corr 2022"]
[Source "ChessBase"]
[SourceDate "2021.10.24"]
[SourceVersion "1"]
[SourceVersionDate "2021.10.24"]
[SourceQuality "1"]

1. e4 c5 2. Nf3 Nc6 3. Nc3 g6 4. d4 cxd4 5. Nxd4 a6 6. Bc4 e6 7. 0-0 Bg7 8. Nxc6 bxc6 9. Re1 Ne7 10. Qd6 0-0 11. Bg5 f6 12. Be3 Bb7 13. Rad1 Bc8 14. Na4 Nd5 15. exd5 exd5 16. Bb6 1-0

[Event "OP-2017-0-04316"]
[Site "LSS email"]
[Date "2017.04.01"]
[Round "?"]
[White "Perez Garcia, Miguel"]
[Black "Habes, Jiri"]
[Result "0-1"]
[WhiteElo "1676"]
[BlackElo "1891"]
[PlyCount "96"]
[EventDate "2017.03.29"]
[EventType "tourn (corr)"]
[EventRounds "4"]
[EventCountry "GER"]
[SourceTitle "Corr 2022"]
[Source "ChessBase"]
[SourceDate "2021.10.24"]
[SourceVersion "1"]
[SourceVersionDate "2021.10.24"]
[SourceQuality "1"]

1. e4 c5 2. Nf3 d6 3. d4 cxd4 4. Nxd4 Nf6 5. Nc3 a6 6. Be2 e5 7. Nb3 Be7 8. 0-0 Be6 9. Be3 Nbd7 10. f4 exf4 11. Rxf4 Ne5 12. Nd5 0-0 13. Bb6 Qd7 14. Ba5 Bxd5 15. exd5 Bd8 16. Bxd8 Rfxd8 17. c4 b5 18. cxb5 axb5 19. Nd4 Rdb8 20. Rxf6 gxf6 21. Qd2 Ng6 22. Kh1 b4 23. b3 Rb7 24. h3 Qe8 25. Rf1 Rba7 26. Bb5 Qe4 27. Ba4 Qxd5 28. Bc6 Qg5 29. Qxg5 fxg5 30. Bxa8 Rxa8 31. Rf2 Ne7 32. g4 Ra5 33. Rc2 Kg7 34. Rc7 Ng6 35. Nf5+ Kf6 36. Nxd6 Rxa2 37. Rb7 Nh4 38. Kg1 Ke5 39. Nxf7+ Kf4 40. Kf1 Kg3 41. Ke1 Nf3+ 42. Kd1 Ra6 43. Kc2 Kxh3 44. Rxb4 Rf6 45. Nd8 h5 46. gxh5 g4 47. h6 Rxh6 48. Rf4 Nh2 0-1

[Event "OP-2017-0-04310"]
[Site "LSS email"]
[Date "2017.03.27"]
[Round "?"]
[White "De Gouveia, Pedro"]
[Black "Perez Garcia, Miguel"]
[Result "1-0"]
[WhiteElo "1811"]
[BlackElo "1665"]
[PlyCount "65"]
[EventDate "2017.03.21"]
[EventType "tourn (corr)"]
[EventRounds "4"]
[EventCountry "GER"]
[SourceTitle "Corr 2022"]
[Source "ChessBase"]
[SourceDate "2021.10.24"]
[SourceVersion "1"]
[SourceVersionDate "2021.10.24"]
[SourceQuality "1"]

1. e4 e5 2. Nf3 Nc6 3. d4 exd4 4. Nxd4 Nf6 5. Nxc6 bxc6 6. Bd3 d5 7. e5 Ng4 8. 0-0 Bc5 9. Bf4 g5 10. Bg3 h5 11. Be2 Qe7 12. Nc3 a5 13. Kh1 h4 14. Bxg4 Ba6 15. Qd2 Bxf1 16. Rxf1 Rb8 17. Na4 Rb4 18. Nxc5 Qxc5 19. Bf5 hxg3 20. fxg3 Rxb2 21. Qxg5 Qe7 22. Qe3 Rxa2 23. Qd4 Rh5 24. h4 Rxf5 25. Rxf5 Rxc2 26. Qg4 Rc4 27. Qg7 Qf8 28. Qg5 Re4 29. h5 a4 30. h6 Qh8 31. Kh2 a3 32. Qh5 Qh7 33. Rg5 1-0

[Event "SC-2017-0-00318"]
[Site "LSS email"]
[Date "2017.03.21"]
[Round "?"]
[White "Perez Garcia, Miguel"]
[Black "Kolanek, Sylwia"]
[Result "0-1"]
[WhiteElo "1661"]
[BlackElo "1827"]
[PlyCount "62"]
[EventDate "2017.01.17"]
[EventType "tourn (corr)"]
[EventRounds "6"]
[EventCountry "GER"]
[SourceTitle "Corr 2022"]
[Source "ChessBase"]
[SourceDate "2021.10.24"]
[SourceVersion "1"]
[SourceVersionDate "2021.10.24"]
[SourceQuality "1"]

1. Nf3 d5 2. d4 Nf6 3. c4 e6 4. Nc3 Nbd7 5. Bg5 h6 6. Bh4 Be7 7. e3 0-0 8. Qc2 c6 9. Bd3 dxc4 10. Bxc4 b5 11. Be2 Bb7 12. 0-0 Rc8 13. Rfd1 b4 14. Na4 c5 15. dxc5 g5 16. Bg3 Qa5 17. Ne5 Nxe5 18. Bxe5 Bc6 19. b3 Bxa4 20. Qb2 Nd5 21. bxa4 Qxc5 22. Bd4 Qa5 23. Rdc1 Qxa4 24. e4 Nc3 25. Rxc3 bxc3 26. Bxc3 Qxe4 27. Bf3 Qf4 28. Be5 Ba3 29. Qe2 Rc1+ 30. Rxc1 Qxc1+ 31. Qd1 Rc8 0-1

[Event "SC-2017-0-00318"]
[Site "LSS email"]
[Date "2017.03.21"]
[Round "?"]
[White "Perez Garcia, Miguel"]
[Black "Linart, Ludvik"]
[Result "1-0"]
[WhiteElo "1661"]
[BlackElo "1760"]
[PlyCount "95"]
[EventDate "2017.01.17"]
[EventType "tourn (corr)"]
[EventRounds "6"]
[EventCountry "GER"]
[SourceTitle "Corr 2022"]
[Source "ChessBase"]
[SourceDate "2021.10.24"]
[SourceVersion "1"]
[SourceVersionDate "2021.10.24"]
[SourceQuality "1"]

1. d4 Nf6 2. c4 d5 3. cxd5 c6 4. dxc6 Nxc6 5. Nf3 e5 6. dxe5 Qxd1+ 7. Kxd1 Ng4 8. Ke1 Bb4+ 9. Bd2 Be6 10. Bxb4 Nxb4 11. Na3 Bxa2 12. h3 Nh6 13. e4 0-0-0 14. Be2 f6 15. g3 fxe5 16. Nxe5 Rhe8 17. f4 Nf7 18. Nxf7 Bxf7 19. e5 Kb8 20. Rd1 Rxd1+ 21. Kxd1 Rd8+ 22. Kc1 Bg6 23. Bc4 Nd3+ 24. Bxd3 Rxd3 25. g4 Be4 26. Rh2 Kc7 27. f5 Rd5 28. f6 gxf6 29. exf6 Bg6 30. Rf2 Bf7 31. Re2 Kc8 32. h4 Rd7 33. g5 Bb3 34. Nc2 Bf7 35. Re3 Kc7 36. b3 b5 37. b4 Bg6 38. Ne1 Rd4 39. Re7+ Kd6 40. h5 Bxh5 41. Rxh7 Bg6 42. Rh6 Bf7 43. g6 Bxg6 44. Rxg6 Ke6 45. Nc2 Rf4 46. Rg7 Rxf6 47. Rxa7 Kd5 48. Rc7 1-0

[Event "OP-2017-0-04290"]
[Site "LSS email"]
[Date "2017.03.01"]
[Round "?"]
[White "Goyeneche, Carlos"]
[Black "Perez Garcia, Miguel"]
[Result "0-1"]
[WhiteElo "1425"]
[BlackElo "1661"]
[PlyCount "32"]
[EventDate "2017.02.21"]
[EventType "tourn (corr)"]
[EventRounds "4"]
[EventCountry "GER"]
[SourceTitle "Corr 2022"]
[Source "ChessBase"]
[SourceDate "2021.10.24"]
[SourceVersion "1"]
[SourceVersionDate "2021.10.24"]
[SourceQuality "1"]

1. d4 d5 2. c4 dxc4 3. Nf3 c6 4. e3 b5 5. a4 e6 6. axb5 cxb5 7. b3 Nf6 8. bxc4 b4 9. c5 Nc6 10. Bb5 Bd7 11. Qa4 Qc7 12. Bxc6 Bxc6 13. Qxb4 a5 14. Qc4 Be7 15. Nbd2 Nd7 16. 0-0 0-0 0-1

[Event "OP-2017-0-04290"]
[Site "LSS email"]
[Date "2017.03.01"]
[Round "?"]
[White "Martinez, Mari"]
[Black "Perez Garcia, Miguel"]
[Result "1/2-1/2"]
[WhiteElo "1630"]
[BlackElo "1661"]
[PlyCount "26"]
[EventDate "2017.02.21"]
[EventType "tourn (corr)"]
[EventRounds "4"]
[EventCountry "GER"]
[SourceTitle "Corr 2022"]
[Source "ChessBase"]
[SourceDate "2021.10.24"]
[SourceVersion "1"]
[SourceVersionDate "2021.10.24"]
[SourceQuality "1"]

1. d4 Nf6 2. c4 e6 3. Nf3 b6 4. Nc3 Bb7 5. Bg5 Be7 6. Qc2 0-0 7. e4 h6 8. Bxf6 Bxf6 9. Be2 c5 10. d5 exd5 11. exd5 d6 12. Ne4 Bc8 13. Nxf6+ Qxf6 1/2-1/2

[Event "ZI-2017-0-02275"]
[Site "LSS email"]
[Date "2017.02.26"]
[Round "?"]
[White "Ederer, Karel"]
[Black "Perez Garcia, Miguel"]
[Result "1/2-1/2"]
[WhiteElo "1937"]
[BlackElo "1661"]
[PlyCount "67"]
[EventDate "2017.02.09"]
[EventType "match (corr)"]
[EventRounds "2"]
[EventCountry "GER"]
[SourceTitle "Corr 2022"]
[Source "ChessBase"]
[SourceDate "2021.10.24"]
[SourceVersion "1"]
[SourceVersionDate "2021.10.24"]
[SourceQuality "1"]

1. e4 c5 2. Nf3 e6 3. d4 cxd4 4. Nxd4 a6 5. Nc3 Qc7 6. Bd3 Nf6 7. 0-0 b5 8. Qe2 d6 9. a4 b4 10. Na2 Qb7 11. Bd2 d5 12. exd5 Qxd5 13. Nf3 Nc6 14. c3 Bb7 15. Rfd1 Ne5 16. Qxe5 Qxd3 17. Bg5 Qg6 18. Nxb4 Bxb4 19. Nh4 Qe4 20. Bxf6 gxf6 21. Qxe4 Bxe4 22. cxb4 Ke7 23. Rd4 f5 24. f3 Bc6 25. Kf2 Rhd8 26. Ke3 Rxd4 27. Kxd4 Kd6 28. f4 f6 29. Ra3 Rc8 30. Ke3 Rb8 31. b5 axb5 32. a5 b4 33. Ra1 Ra8 34. Nf3 1/2-1/2